000 00901cam a2200253 4500
001 ABS66021
008 021017n2002 000 0 eng u
035 _a(Sirsi) u120154
100 _aOsborne, H.
245 _aIs the house happy?
260 _c2002
490 _aEstates Gazette
_v(0236) 7 September 2002, 132-133(2)
520 _aIn the second of three articles, this takes a look at what works successfully or not when mergers in the property industry involving US partners often result in some restructuring of the traditional partnership set-up. Lists some tips on how to make the marger process a smooth one.
590 _aABS
650 _aMERGERS
650 _aRESTRUCTURING
650 _aPARTNERSHIPS
650 _aUNITED STATES
650 _aPROPERTY INDUSTRY
650 _aEQUITY
650 _aBONUS PAYMENTS
690 _aMANAGEMENT-BUSINESS MANAGEMENT
942 _n0
999 _c71384
_d71384